Centovent' anni in Voga: storia del canottaggio italiano dal 1888 ad oggi

Guardat en:
Dades bibliogràfiques
Autor corporatiu: Federazione Italiana Canottaggio (Autor)
Format: Llibre
Idioma:italià
Publicat: Milán Vallardi 2008
Matèries:
Etiquetes: Afegir etiqueta
Sense etiquetes, Sigues el primer a etiquetar aquest registre!

MARC

LEADER 00000cam a2200000 a 4500
001 UCF3362
003 CL-VaPUC
008 121011e20080000IT |||||||||||||||||ita|d
020 |a 9788895684161 
082 0 4 |a 797.123  |b FED  |2 21 
110 2 |a Federazione Italiana Canottaggio  |e author  |9 565261 
245 1 0 |a Centovent' anni in Voga: storia del canottaggio italiano dal 1888 ad oggi 
300 |a 303 p 
942 |c BK 
945 |d 20121011 00:00:00  |a dcastane 
260 |a Milán  |b Vallardi  |c 2008 
650 7 |a REMO  |2 CL-VaPUC  |9 537214 
650 7 |a REMO DEPORTES  |2 CL-VaPUC  |9 565262 
583 |a last modification  |c 20121011 12:23:00  |k Rodrigo Vera 
999 |c 349767  |d 349765 
952 |0 0  |1 0  |4 0  |6 797_123000000000000_FED_2008  |7 0  |8 C  |9 452538  |a BIBCUR  |b BIBCUR  |d 2019-11-22  |i 4893360  |o 797.123 FED 2008  |p 4893360  |r 2025-04-22  |w 2019-11-22  |y BK  |k DEN